Nayeon (TWICE) dans chaque era - Statistiques

Statistiques générales
  • Ce quiz a été pris 8 fois
  • Le résultat moyen est 18 sur 47
Statistiques - réponses
Par images Réponse % Correct
Ten: The Story Goes On
71%
What is love?
71%
Celebrate
57%
Dive
57%
Feel Special
57%
Ready To Be
57%
Signal
57%
Strategy
57%
The Story Begins
57%
Better
43%
Between 1&2
43%
Breakthrough
43%
Candy Pop
43%
Doughnut
43%
Fancy You
43%
Fanfare
43%
Formula of Love
43%
Hare Hare
43%
More & More
43%
One More Time
43%
Page Two
43%
Perfect World
43%
The Feels
43%
This Is For
43%
&TWICE
43%
#TWICE
43%
Twicecoaster lane 1
43%
Twicecoaster lane 2
43%
With you-th
43%
YES or YES
43%
BDZ
29%
ENEMY
29%
Eyes Wide Open
29%
Kura Kura
29%
Merry & Happy
29%
Summer Nights
29%
Taste of Love
29%
The Year of YES
29%
Twicetagram
29%
Wake Me Up
29%
BDZ Repackage
14%
#TWICE2
14%
#TWICE3
14%
#TWICE4
14%
#TWICE5
14%
Happy Happy
0%
&TWICE Repackage
0%
Aucun quiz correspondant
Distribution des résultats
% des personnes avec chaque résultat
Percentile par nombre de réponses
Votre historique - résultats
Vous n’avez pas pris ce quiz